000 00442nam a2200193Ia 4500
008 210210b1952 xxu||||| |||| 00| 0 eng d
041 _aeng
082 _a828/278
100 _aHANSON (L E)
245 _aMarian Evans and George Eliot
260 _aLondon
_bOxford University Press
_c1952
650 _aMarian
650 _aGeorge
650 _aEvans
650 _aEliot
650 _aand
690 _aBiography
906 _a016123
999 _c135529
_d135529